LEADER 01013nam a2200217 u 4500 001 000000040307 003 CaOOAMICUS 005 20070226114104.0 008 980526s1829 it u000 u ita u 035 $a10796289 040 $aPUL(R)$bita 100 1 $aSirey, G.B.$0(OLS)http://pul/name/29773 245 10$aCodice di Istruzione criminale annotato delle disposizioni legislative e delle decisioni di giurisprudenza di Francia /$cda G.B. Sirey. 260 $aNapoli :$bBorel e comp.,$c1829. 300 $a880 p. ;$c22 cm 650 4$aDiritto processuale penale.$0(OLS)http://pul/subject/3721 850 $aPUL 852 $aPUL$W1$xDP1 Antico 800$y27$m177 A 16$j54800$nBK-PRI$b $qStampati Antico$B54800$CPULBib$Z2$F54800 $H $81 941 1 $a15 996 $6245$aCodice di Istruzione criminale annotato delle disposizioni legislative e delle decisioni di giurisprudenza di Francia$9(OLS)http://pul/title/54417 996 $6260$aNapoli :$bBorel e comp.$9(OLS)http://pul/publisher/64294 LEADER 01102nam a2200241 u 4500 001 000000044667 003 CaOOAMICUS 005 20070226114557.0 008 990504s1947 it u000 u ita u 035 $a10822122 040 $aPUL(R)$bita 100 1 $aAlbertario, Emilio,$d1885-1948.$0(OLS)http://pul/name/4226 245 10$aCorso di diritto romano :$ble obbligazioni, parte generale /$cEmilio Albertario. 260 $aMilano :$bA. Giuffrè,$c1947. 300 $a232 p. ;$c25 cm 505 0 $aObligationes civiles e honorariae. -- Obligationes civiles e obligationes naturales. -- Fonti delle obbligazioni. 650 4$aDiritto romano$xManuali, trattati, ecc.$0(OLS)http://pul/subject/13860 850 $aPUL 852 $aPUL$W1$xDP2 Diritto e Scienze Sociali 1$y65$m187 H 104$j60078$nBK-PRI$qStampati$B60078$CPULBib$Z2$F60078 $H68182 $82 941 1 $a8 961 $aDono Gabrio Lombardi. 996 $6245$aCorso di diritto romano :$ble obbligazioni, parte generale$9(OLS)http://pul/title/60176 996 $6260$aMilano :$bA. Giuffrè$9(OLS)http://pul/publisher/48096